Denison University Presidents Quiz Stats

 Plays Quiz not verified by Sporcle

Also try: Fictional Worlds
Challenge
Share
Tweet
Embed
Score 0/19 Timer 05:00
0 Plays Today
Years in Office University President % Correct
1998-Dale T. Knobel
92.3%
1951-1968A. Blair Knapp
73.1%
1989-1998Michelle Tolela Myers
73.1%
1969-1976Joel P. Smith
65.4%
1863-1873Samson Talbot
53.8%
1831-1837John Pratt
34.6%
1976-1984Robert C. Good
34.6%
1984-1988Andrew G. De Rocco
34.6%
1887-1889Galusha Anderson
30.8%
1837-1844Jonathan Going
26.9%
Years in Office University President % Correct
1913-1925Clark W. Chamberlain
26.9%
1927-1940Avery A. Shaw
26.9%
1940-1950Kenneth I. Brown
26.9%
1875-1879Elisha Andrews
23.1%
1846-1852Silas Bailey
15.4%
1853-1863Jeremiah Hall
15.4%
1879-1886Alfred Owen
15.4%
1890-1901Daniel B. Purinton
11.5%
1901-1912Emory W. Hunt
11.5%

You're not logged in!

Compare scores with friends on all Sporcle quizzes.
Join for Free
OR
Log In

You Might Also Like...

Show Comments

Extras

Top Quizzes Today


Score Distribution

Your Account Isn't Verified!

In order to create a playlist on Sporcle, you need to verify the email address you used during registration. Go to your Sporcle Settings to finish the process.

Report this User

Report this user for behavior that violates our Community Guidelines.

Details: